Технические и технологические проблемы распределительных электрических сетей; Состояние и пути развития российской энергетики

Bibliographische Detailangaben
Parent link:Состояние и пути развития российской энергетики.— 2014.— [С. 231-233]
1. Verfasser: Рахимжанов Р. Р.
Zusammenfassung:Заглавие с титульного экрана
Sprache:Russisch
Veröffentlicht: 2014
Schriftenreihe:Проблемы энергетической эффективности и энергетической безопасности
Schlagworte:
Online-Zugang:http://earchive.tpu.ru/handle/11683/69704
http://www.lib.tpu.ru/fulltext/c/2014/C82/067.pdf
Format: Elektronisch Buchkapitel
KOHA link:https://koha.lib.tpu.ru/cgi-bin/koha/opac-detail.pl?biblionumber=609443

MARC

LEADER 00000naa2a2200000 4500
001 609443
005 20231101132546.0
035 |a (RuTPU)RU\TPU\conf\6924 
035 |a RU\TPU\conf\6917 
090 |a 609443 
100 |a 20141113d2014 k y0rusy50 ca 
101 0 |a rus 
102 |a RU 
105 |a y z 101zy 
135 |a drgn ---uucaa 
181 0 |a i  
182 0 |a b 
200 1 |a Технические и технологические проблемы распределительных электрических сетей  |f Р. Р. Рахимжанов 
203 |a Текст  |c электронный 
225 1 |a Проблемы энергетической эффективности и энергетической безопасности 
230 |a 1 компьютерный файл (pdf; 327 Кб) 
300 |a Заглавие с титульного экрана 
320 |a [Библиогр.: с. 233 (5 назв.)] 
337 |a Adobe Reader 
463 0 |0 (RuTPU)RU\TPU\conf\6754  |t Состояние и пути развития российской энергетики  |o материалы Всероссийской молодёжной научной школы - конференции, г. Томск, 21-23 октября 2014 г.  |f Национальный исследовательский Томский политехнический университет (ТПУ), Энергетический институт (ЭНИН) ; ред. кол. В. Я. Ушаков и др.  |v [С. 231-233]  |d 2014 
610 1 |a труды учёных ТПУ 
610 1 |a электронный ресурс 
610 1 |a технические проблемы 
610 1 |a технологические проблемы 
610 1 |a распределительные сети 
610 1 |a электрические сети 
610 1 |a электроэнергия 
610 1 |a потери 
700 1 |a Рахимжанов  |b Р. Р. 
801 2 |a RU  |b 63413507  |c 20220221  |g RCR 
856 4 |u http://earchive.tpu.ru/handle/11683/69704 
856 4 |u http://www.lib.tpu.ru/fulltext/c/2014/C82/067.pdf 
942 |c BK